000 005890000a22001810004500
003 MACL
005 20160205125012.0
008 160205b xxu||||| |||| 00| 0 eng d
040 _aMACL
_cMACL
041 _aHindi
082 _a020/SUN
100 _aसुन्‍दरेश्‍वरऩ के. एस
_936960
245 _aसन्‍दर्भ सेवा
260 _bमध्‍यप्रदेश हिन्‍दी ग्रन्‍थ
_c1990
_aग्‍वालियर
350 _a40
650 _aLibrary & Inf Science
_936940
942 _cHIN
_k020
_2ddc
999 _c29476
_d29476